|
|
|
|
| LEADER |
00000nam0a2200000 4500 |
| 001 |
126548 |
| 005 |
20250818153206.0 |
| 010 |
|
|
|a 5311002921
|
| 035 |
|
|
|a (RuTPU)RU\TPU\book\136900
|
| 090 |
|
|
|a 126548
|
| 100 |
|
|
|a 20071129d1989 m y0rusy50 ca
|
| 101 |
0 |
|
|a rus
|
| 102 |
|
|
|a UA
|
| 105 |
|
|
|a a z 001zy
|
| 200 |
1 |
|
|a Марафонский бег
|f Ю. И. Козловский
|
| 210 |
|
|
|a Киев
|c Здоровья
|d 1989
|
| 215 |
|
|
|a 144 с.
|c ил.
|
| 320 |
|
|
|a Библиогр.: с.138-140
|
| 333 |
|
|
|a Исключено из фонда НТБ ТПУ
|
| 610 |
1 |
|
|a физкультура
|
| 610 |
1 |
|
|a спорт
|
| 610 |
1 |
|
|a марафонский бег
|
| 610 |
1 |
|
|a легкая атлетика
|
| 610 |
1 |
|
|a подготовка спортсменов
|
| 675 |
|
|
|a 796.422.1
|v 3
|
| 700 |
|
1 |
|a Козловский
|b Ю. И.
|g Юрий Игнатьевич
|
| 801 |
|
1 |
|a RU
|b 63413507
|c 20071129
|g PSBO
|
| 942 |
|
|
|c BK
|